| 000 | | | 04031nmc2a22000003x 450 |
| 001 | | | 78b62428-7e28-4112-86bc-38d306db6f89 |
| 005 | | | 20180712111527.0 |
| 100 | ## | $a | 20160413l18721873k l0rusy0189 ca |
| 101 | 0# | $a | rus |
| 102 | ## | $a | RU |
| 200 | 1# | $a | Дело об учительских институтах и уездных училищах |
| | $j | 1872-1873 гг. |
| | $e | Cоставленные А.С. Вороновым проекты положений, объяснительная записка к уставу Молодечинского института; выписки: из законодательных материалов по учреждению указанных учебных заведений в разных городах и должности сверхштатного учителя черчения и чистописания при семинариях; из журнала Ученого комитета - о подготовке народных учителей |
| 251 | ## | $c | Дело |
| 300 | ## | $a | Автографы. (Черновики), копии рукописные |
| 801 | #0 | $a | RU |
| | $b | РГИА |
| | $c | 20160413 |
| | $g | RCR |
| 801 | #1 | $a | RU |
| | $b | ГлавНИВЦ |
| | $c | 20160413 |
| | $2 | rusmarc |
| 801 | #2 | $a | RU |
| | $b | ПБ им. Б.Н. Ельцина |
| | $c | 20180712 |
| | $g | RCR |
| | $2 | rusmarc |
| 850 | ## | $a | РГИА |
| 852 | ## | $a | РГИА |
| | $e | Федеральное казенное учреждение "Российский государственный исторический архив" (РГИА) |
| | $j | 17 |
| 937 | ## | $h | РГИА |
| | $d | 12201705 |
| | $a | ASBIBLIO_SCAN |
| 462 | #0 | $1 | 001d00eb924-b8c4-46ea-b08b-551519b642a2 |
| | $1 | 2001 |
| | $a | Личные документы А.С. Воронова и материалы по вопросам народного образования в России |
| | $1 | 251 |
| | $c | Опись |
| | $1 | 852 |
| | $j | 1 |
| 461 | #0 | $1 | 001f6df60a8-a3d6-445b-9e6a-669b0dd5e9bc |
| | $1 | 2001 |
| | $a | Воронов Андрей Степанович (1818-1875) |
| | $1 | 251 |
| | $c | Фонд |
| | $1 | 852 |
| | $j | 845 |
| 215 | ## | $a | 52 л. |
| | $d | 36,5х26 см |
| 371 | ## | $a | Документ не является опубликованным и широко распространяемым |
| 105 | ## | $a | y### |
| 122 | 2# | $a | d |
| 035 | ## | $a | 78b62428-7e28-4112-86bc-38d306db6f89 |
| 856 | ## | $u | http://readingroom.main.prlib.ru/item.aspx?id_node=n117222287&mode=full |